[Event "Mitropa Cup 29th"]
[Site "Chur"]
[Date "2010.05.29"]
[Round "1"]
[White "Caruana, Fabiano"]
[Black "Ragger, Markus"]
[Result "1-0"]
[WhiteElo "2675"]
[BlackElo "2614"]
[PlyCount "113"]
[EventDate "2010.05.29"]
[EventType "team-tourn"]
[EventRounds "9"]
[EventCountry "SUI"]
[Source "ChessBase"]
[SourceDate "2010.07.02"]
[WhiteTeam "Italy"]
[BlackTeam "Austria"]
[WhiteTeamCountry "ITA"]
[BlackTeamCountry "AUT"]

1. e4 e5 2. Nf3 Nc6 3. Bb5 a6 4. Ba4 Nf6 5. O-O Be7 6. d3 b5 7. Bb3 d6 8. a4
Bg4 9. c3 O-O 10. h3 Bxf3 11. Qxf3 b4 12. a5 bxc3 13. bxc3 Rb8 14. Nd2 Nd7 15.
Bc4 Nc5 16. Qg4 Bg5 17. Ra2 Kh8 18. Nb3 Nxb3 19. Bxg5 Qe8 20. Rd1 Ncxa5 21. Bd5
c6 22. Bxb3 Nxb3 23. Rxa6 Nc5 24. Ra7 Rb7 25. Rxb7 Nxb7 26. d4 h6 27. Be3 exd4
28. Bxd4 f6 29. Ra1 Nd8 30. Ra8 c5 31. Be3 Qe7 32. h4 Nf7 33. Rxf8+ Qxf8 34.
Qe6 Kg8 35. Bf4 Qd8 36. Kh2 Kf8 37. Kg3 Qe7 38. Qc8+ Qe8 39. Qxe8+ Kxe8 40. Kg4
Ke7 41. Kf5 Nd8 42. Kg6 Ne6 43. Bg3 c4 44. f3 h5 45. Kxh5 g5 46. hxg5 Nxg5 47.
Kh6 Ne6 48. Kg6 Nc5 49. Bh4 Nd7 50. Kf5 Kf7 51. f4 Kg7 52. g3 Kf7 53. g4 Kg7
54. Ke6 Nc5+ 55. Kd5 Kf7 56. Bf2 Nd3 57. Be3 1-0

[Event "Mitropa Cup 29th"]
[Site "Chur"]
[Date "2010.05.29"]
[Round "1"]
[White "Neubauer, Martin"]
[Black "Vocaturo, Daniele"]
[Result "0-1"]
[WhiteElo "2458"]
[BlackElo "2493"]
[PlyCount "42"]
[EventDate "2010.05.29"]
[EventType "team-tourn"]
[EventRounds "9"]
[EventCountry "SUI"]
[Source "ChessBase"]
[SourceDate "2010.07.02"]
[WhiteTeam "Austria"]
[BlackTeam "Italy"]
[WhiteTeamCountry "AUT"]
[BlackTeamCountry "ITA"]

1. d4 Nf6 2. Nf3 e6 3. c4 d5 4. Nc3 Bb4 5. Bg5 Nbd7 6. cxd5 exd5 7. e3 c5 8.
Be2 Qa5 9. O-O Bxc3 10. bxc3 c4 11. Nd2 Qxc3 12. e4 Nxe4 13. Nxe4 dxe4 14. Rc1
Qa5 15. Bd2 Qb6 16. Bxc4 O-O 17. Bc3 Qg6 18. Re1 Nb6 19. Bb3 Bg4 20. Qd2 Bf3
21. g3 Qg4 0-1

[Event "Mitropa Cup 29th"]
[Site "Chur"]
[Date "2010.05.29"]
[Round "1"]
[White "Jovanovic, Zoran2"]
[Black "Bindrich, Falko"]
[Result "1/2-1/2"]
[WhiteElo "2520"]
[BlackElo "2539"]
[PlyCount "120"]
[EventDate "2010.05.29"]
[EventType "team-tourn"]
[EventRounds "9"]
[EventCountry "SUI"]
[Source "ChessBase"]
[SourceDate "2010.07.02"]
[WhiteTeam "Croatia"]
[BlackTeam "Germany"]
[WhiteTeamCountry "CRO"]
[BlackTeamCountry "GER"]

1. e4 e5 2. Nf3 Nc6 3. Bb5 a6 4. Ba4 Nf6 5. Qe2 b5 6. Bb3 Be7 7. c3 O-O 8. O-O
d5 9. d3 Re8 10. Bg5 Be6 11. Nbd2 h6 12. Bh4 Nh5 13. Bxe7 Qxe7 14. g3 Nf6 15.
Rfe1 Rad8 16. exd5 Bxd5 17. Ne4 Nxe4 18. dxe4 Be6 19. Nh4 Na5 20. Bxe6 Qxe6 21.
Nf5 Nc4 22. Rad1 Nd6 23. Nxd6 Rxd6 24. Rxd6 cxd6 25. Ra1 d5 26. a4 Qc6 27. axb5
axb5 28. exd5 Qxd5 29. Rd1 Qc6 30. Qd3 Qc4 31. Qxc4 bxc4 32. Rd5 f6 33. Rb5 Rd8
34. Kg2 Rd2 35. g4 Kf7 36. Rb7+ Kg6 37. Kf3 h5 38. gxh5+ Kh6 39. Ke3 Rc2 40. h3
Kxh5 41. Rxg7 Rxb2 42. Rg4 f5 43. Rxc4 f4+ 44. Kf3 Kg5 45. Rc8 Rc2 46. h4+ Kf5
47. Rf8+ Ke6 48. h5 Rxc3+ 49. Kg4 Rc1 50. h6 Rg1+ 51. Kf3 Rh1 52. Rh8 Kf5 53.
h7 Kg6 54. Re8 Rxh7 55. Rxe5 Rh2 56. Rb5 Kf6 57. Rb8 Kf5 58. Rf8+ Ke5 59. Rf7
Rh8 60. Rxf4 Rh3+ 1/2-1/2

[Event "Mitropa Cup 29th"]
[Site "Chur"]
[Date "2010.05.29"]
[Round "1"]
[White "Prusikin, Michael"]
[Black "Martinovic, Sasa"]
[Result "1/2-1/2"]
[WhiteElo "2520"]
[BlackElo "2515"]
[PlyCount "102"]
[EventDate "2010.05.29"]
[EventType "team-tourn"]
[EventRounds "9"]
[EventCountry "SUI"]
[Source "ChessBase"]
[SourceDate "2010.07.02"]
[WhiteTeam "Germany"]
[BlackTeam "Croatia"]
[WhiteTeamCountry "GER"]
[BlackTeamCountry "CRO"]

1. d4 d5 2. c4 c6 3. e3 Nf6 4. Bd3 Bg4 5. Qb3 Qb6 6. Ne2 Bxe2 7. Bxe2 e6 8. O-O
Nbd7 9. Nc3 Be7 10. Bd2 O-O 11. Rfd1 Rfd8 12. Be1 Rac8 13. Rac1 dxc4 14. Bxc4
Qxb3 15. Bxb3 e5 16. d5 Nc5 17. dxc6 Rxd1 18. Rxd1 Rxc6 19. Nd5 Nxd5 20. Bxd5
Rc7 21. Rc1 b6 22. Kf1 Kf8 23. Ke2 Bd6 24. Rd1 f6 25. b4 Na6 26. a3 Ke7 27. Be4
g6 28. g4 Rd7 29. h4 Nc7 30. h5 gxh5 31. gxh5 Ke6 32. Bc2 h6 33. Bd2 Rg7 34. e4
Nb5 35. Rh1 Nd4+ 36. Kd1 Rc7 37. Bb1 Bf8 38. Rg1 Nf3 39. Ba2+ Ke7 40. Rg3 Nxd2
41. Kxd2 Rd7+ 42. Bd5 f5 43. f3 a5 44. Rg8 axb4 45. axb4 fxe4 46. fxe4 Rd6 47.
Rh8 Rf6 48. Rh7+ Kd8 49. Kc3 b5 50. Rb7 Rf3+ 51. Kc2 Bxb4 1/2-1/2

[Event "Mitropa Cup 29th"]
[Site "Chur"]
[Date "2010.05.29"]
[Round "1"]
[White "Saric, Ante"]
[Black "Baramidze, David"]
[Result "1/2-1/2"]
[WhiteElo "2489"]
[BlackElo "2534"]
[PlyCount "166"]
[EventDate "2010.05.29"]
[EventType "team-tourn"]
[EventRounds "9"]
[EventCountry "SUI"]
[Source "ChessBase"]
[SourceDate "2010.07.02"]
[WhiteTeam "Croatia"]
[BlackTeam "Germany"]
[WhiteTeamCountry "CRO"]
[BlackTeamCountry "GER"]

1. Nf3 d5 2. d4 Nf6 3. c4 c6 4. e3 Bf5 5. Nc3 e6 6. Nh4 Bg6 7. Bd2 Nbd7 8. Nxg6
hxg6 9. Qc2 Bd6 10. h3 Qe7 11. Be2 dxc4 12. Bxc4 c5 13. dxc5 Bxc5 14. Be2 a6
15. Rc1 O-O 16. O-O Rfd8 17. Rfd1 Ba7 18. Be1 Rac8 19. Qb1 g5 20. Ne4 Nxe4 21.
Qxe4 Nf6 22. Rxc8 Rxc8 23. Qe5 Nd7 24. Qd6 Qxd6 25. Rxd6 Rc1 26. Rd1 Rxd1 27.
Bxd1 Nf6 28. Bf3 Nd5 29. Kf1 Kf8 30. Ke2 Ke7 31. g3 Kd6 32. Bd2 b5 33. e4 Nb6
34. Bxg5 Na4 35. Bd2 e5 36. b3 Nc5 37. Be3 a5 38. h4 Bb6 39. Bh5 g6 40. Bg4 Bd8
41. f3 Be7 42. Bd2 b4 43. Bh3 Bd8 44. Kd1 Be7 45. Kc2 Bd8 46. Be3 Bb6 47. Bg5
a4 48. bxa4 Nxa4 49. g4 Nc5 50. h5 Ne6 51. Bd2 Kc5 52. h6 Bd8 53. h7 Bf6 54. g5
Nd4+ 55. Kd3 Bh8 56. Be3 Bg7 57. Bxd4+ exd4 58. f4 f6 59. gxf6 Bxf6 60. e5 Bg7
61. Ke4 Bh8 62. Bf1 Bg7 63. Bd3 Bh8 64. Bc2 Bg7 65. Bb3 Bh8 66. Bf7 g5 67. fxg5
d3 68. Bb3 d2 69. Bd1 Kc6 70. Kf5 Kd7 71. Bb3 Ke7 72. Ke4 Kd7 73. g6 Ke7 74.
Kd5 Bg7 75. e6 Bc3 76. Bc2 Bg7 77. Kc4 Kxe6 78. Kd3 d1=Q+ 79. Bxd1 Kf6 80. Bc2
Kxg6 81. Kc4+ Kh6 82. Kxb4 Be5 83. Kc5 Kg7 1/2-1/2

[Event "Mitropa Cup 29th"]
[Site "Chur"]
[Date "2010.05.29"]
[Round "1"]
[White "Krejci, Jan1"]
[Black "Zorko, Jure"]
[Result "0-1"]
[WhiteElo "2455"]
[BlackElo "2440"]
[PlyCount "78"]
[EventDate "2010.05.29"]
[EventType "team-tourn"]
[EventRounds "9"]
[EventCountry "SUI"]
[Source "ChessBase"]
[SourceDate "2010.07.02"]
[WhiteTeam "Czech Republic"]
[BlackTeam "Slovenia"]
[WhiteTeamCountry "CZE"]
[BlackTeamCountry "SLO"]

1. e4 e6 2. d4 d5 3. Nc3 Bb4 4. e5 Ne7 5. a3 Bxc3+ 6. bxc3 c5 7. Nf3 Nbc6 8.
Bd3 Qa5 9. Bd2 c4 10. Be2 Bd7 11. h4 f6 12. h5 fxe5 13. Nxe5 Nxe5 14. dxe5 Nc6
15. h6 g6 16. f4 O-O-O 17. Bg4 Qc5 18. Qe2 g5 19. Qe3 d4 20. cxd4 Nxd4 21. O-O
c3 22. Bc1 Rhf8 23. fxg5 Rxf1+ 24. Kxf1 Qc4+ 25. Qd3 Qxd3+ 26. cxd3 Bb5 27. Kf2
Rf8+ 28. Kg3 Bxd3 29. Be3 Nf5+ 30. Bxf5 Bxf5 31. Bxa7 Rd8 32. Kf4 c2 33. Rc1
Rd1 34. Be3 b5 35. g6 Bxg6 36. Kg5 Kd7 37. Bf4 Kc6 38. g4 Kd5 39. Kf6 Kc4 0-1

[Event "Mitropa Cup 29th"]
[Site "Chur"]
[Date "2010.05.29"]
[Round "1"]
[White "Simacek, Pavel"]
[Black "Lenic, Luka"]
[Result "1-0"]
[WhiteElo "2518"]
[BlackElo "2592"]
[PlyCount "71"]
[EventDate "2010.05.29"]
[EventType "team-tourn"]
[EventRounds "9"]
[EventCountry "SUI"]
[Source "ChessBase"]
[SourceDate "2010.07.02"]
[WhiteTeam "Czech Republic"]
[BlackTeam "Slovenia"]
[WhiteTeamCountry "CZE"]
[BlackTeamCountry "SLO"]

1. e4 c5 2. Nf3 e6 3. d4 cxd4 4. Nxd4 a6 5. Nc3 Qc7 6. Bd3 Nc6 7. Be3 Nf6 8.
O-O Ne5 9. h3 Bc5 10. Kh1 d6 11. f4 Ng6 12. Na4 Ba7 13. c4 e5 14. fxe5 dxe5 15.
Nc2 Bxe3 16. Nxe3 Nf4 17. Nd5 N6xd5 18. cxd5 O-O 19. Rc1 Qd8 20. Rf3 Qg5 21.
Bf1 Qg6 22. Qe1 Bd7 23. Rg3 Qh6 24. Nc5 Bb5 25. Rc2 Nh5 26. Rgc3 Bxf1 27. Qxf1
Qg6 28. Qe1 Rae8 29. Nd7 h6 30. Nxf8 Rxf8 31. Rc8 Qxe4 32. Qxe4 Ng3+ 33. Kg1
Nxe4 34. R2c7 b5 35. Rxf8+ Kxf8 36. Ra7 1-0

[Event "Mitropa Cup 29th"]
[Site "Chur"]
[Date "2010.05.29"]
[Round "1"]
[White "Tomazini, Aljosa"]
[Black "Talla, Vladimir"]
[Result "0-1"]
[WhiteElo "2231"]
[BlackElo "2505"]
[PlyCount "184"]
[EventDate "2010.05.29"]
[EventType "team-tourn"]
[EventRounds "9"]
[EventCountry "SUI"]
[Source "ChessBase"]
[SourceDate "2010.07.02"]
[WhiteTeam "Slovenia"]
[BlackTeam "Czech Republic"]
[WhiteTeamCountry "SLO"]
[BlackTeamCountry "CZE"]

1. e4 c5 2. Nc3 d6 3. Bb5+ Bd7 4. a4 g6 5. d3 Bg7 6. Bg5 Nc6 7. Nge2 Nf6 8. O-O
O-O 9. Qd2 Rc8 10. Nd5 a6 11. Bxc6 Bxc6 12. Nxf6+ exf6 13. Be3 f5 14. Nc3 Qd7
15. d4 f4 16. Bxf4 cxd4 17. Ne2 Bxe4 18. Nxd4 Rc4 19. c3 Rxa4 20. Rxa4 Qxa4 21.
Bxd6 Rd8 22. Qf4 Bxg2 23. Ne6 Qxf4 24. Bxf4 fxe6 25. Kxg2 Kf7 26. Kf3 Rd5 27.
Re1 Rb5 28. Re2 a5 29. Ke4 Rd5 30. Re1 h5 31. Ra1 Rb5 32. Ra2 g5 33. Be3 Bf6
34. h3 Re5+ 35. Kd3 Rd5+ 36. Ke4 Re5+ 37. Kd3 Bd8 38. c4 b5 39. b3 b4 40. Ra1
Rf5 41. Ke4 Ke8 42. Rd1 Bc7 43. Rg1 Bf4 44. Bb6 Kd7 45. Ra1 Bc7 46. Be3 Kc6 47.
Rg1 Bf4 48. Bd4 Bd6 49. Be3 Bc5 50. Rxg5 Rxg5 51. Bxg5 Bxf2 52. Be7 Bc5 53. Bf6
Bd6 54. Bd4 Kb7 55. Kd3 Bf8 56. Bf6 Bc5 57. Bd8 Ka6 58. Bc7 Bb6 59. Bd6 Bd8 60.
Be5 Kb6 61. Bd4+ Kc6 62. Be5 Bc7 63. Bd4 Kb7 64. Bb2 Ka6 65. Kc2 e5 66. Kd3 a4
67. bxa4 Ka5 68. c5 Kxa4 69. Kc4 e4 70. Bc1 b3 71. c6 Bf4 72. Bb2 e3 73. Kd3
Kb5 74. c7 Bxc7 75. Kxe3 Kc4 76. Kd2 Bf4+ 77. Ke2 Bd6 78. Kd2 Bb4+ 79. Kc1 Kd3
80. Bf6 Ba3+ 81. Kb1 Ke4 82. Bd8 Kf3 83. h4 Kg4 84. Bf6 Bd6 85. Kb2 Bg3 86.
Kxb3 Bxh4 87. Bc3 Bg5 88. Be1 Bf4 89. Kc2 Bg3 90. Kd1 Kf3 91. Bb4 h4 92. Be7 h3
0-1

[Event "Mitropa Cup 29th"]
[Site "Chur"]
[Date "2010.05.29"]
[Round "1"]
[White "Fargere, Francois"]
[Black "Rapport, Richard"]
[Result "0-1"]
[WhiteElo "2489"]
[BlackElo "2509"]
[PlyCount "81"]
[EventDate "2010.05.29"]
[EventType "team-tourn"]
[EventRounds "9"]
[EventCountry "SUI"]
[Source "ChessBase"]
[SourceDate "2010.07.02"]
[WhiteTeam "France"]
[BlackTeam "Hungary"]
[WhiteTeamCountry "FRA"]
[BlackTeamCountry "HUN"]

1. e4 e5 2. Nf3 Nc6 3. Bb5 Nd4 4. Nxd4 exd4 5. Bc4 Nf6 6. d3 d5 7. exd5 Nxd5 8.
O-O Be7 9. Re1 Be6 10. c3 Bf6 11. cxd4 Bxd4 12. Nc3 O-O 13. Nxd5 Bxd5 14. Qb3
Bxf2+ 15. Kxf2 Qh4+ 16. Ke2 Rae8+ 17. Be3 Rxe3+ 18. Kxe3 Re8+ 19. Kd2 Qf2+ 20.
Kc3 Rxe1 21. Rxe1 Qxe1+ 22. Kd4 Bxc4 23. Qxb7 Qh4+ 24. Kc3 g6 25. dxc4 Qxh2 26.
Qxa7 Qg3+ 27. Kb4 Qxg2 28. Qd4 h5 29. b3 Qg3 30. a4 h4 31. a5 h3 32. a6 Qe1+
33. Kb5 Qe8+ 34. Kb4 Qe7+ 35. Kb5 h2 36. Qd5 Qd6 37. Qa8+ Kg7 38. c5 Qd7+ 39.
Qc6 Qxc6+ 40. Kxc6 h1=Q+ 41. Kxc7 0-1

[Event "Mitropa Cup 29th"]
[Site "Chur"]
[Date "2010.05.29"]
[Round "1"]
[White "Pap, Gyula"]
[Black "Tripoteau, Nicolas"]
[Result "1/2-1/2"]
[WhiteElo "2496"]
[BlackElo "2425"]
[PlyCount "183"]
[EventDate "2010.05.29"]
[EventType "team-tourn"]
[EventRounds "9"]
[EventCountry "SUI"]
[Source "ChessBase"]
[SourceDate "2010.07.02"]
[WhiteTeam "Hungary"]
[BlackTeam "France"]
[WhiteTeamCountry "HUN"]
[BlackTeamCountry "FRA"]

1. d4 Nf6 2. c4 c5 3. d5 b5 4. cxb5 a6 5. bxa6 g6 6. Nc3 Bxa6 7. Nf3 d6 8. g3
Nbd7 9. Bg2 Nb6 10. b3 Bg7 11. Rb1 Bb7 12. Nh4 Ra5 13. O-O Qa8 14. Bb2 O-O 15.
e4 Ba6 16. Re1 Nfd7 17. Nf3 Rb8 18. Qc2 Ne5 19. Nxe5 Bxe5 20. Bc1 Nd7 21. Bg5
Nf6 22. h3 c4 23. Qd2 Ra3 24. Be3 cxb3 25. axb3 Rbxb3 26. Rxb3 Rxb3 27. Bd4 Nd7
28. Ra1 Qb7 29. Bxe5 Nxe5 30. Nd1 Qb6 31. Kh2 Rd3 32. Qh6 Bb7 33. Rc1 Qd4 34.
Ne3 Rd2 35. Rf1 Ba6 36. Rb1 Rb2 37. Ra1 Qb6 38. Nd1 Rb1 39. Rxb1 Qxb1 40. Qd2
Nc4 41. Qd4 Qc2 42. Qa1 Ne5 43. Qxa6 Qxd1 44. Qc8+ Kg7 45. f4 Nf3+ 46. Bxf3
Qxf3 47. Qc2 f6 48. Qg2 Qe3 49. h4 Kf7 50. Qc2 h5 51. Kg2 Kg7 52. Kh2 Qf3 53.
Qg2 Qd3 54. Kh3 Kf7 55. Kh2 Ke8 56. Kh3 Kd7 57. Kh2 Kc7 58. Qa2 Kb6 59. Qa4
Qd2+ 60. Kg1 Qc1+ 61. Kg2 Qb2+ 62. Kh3 Qc3 63. Kg2 f5 64. exf5 gxf5 65. Qa8
Qc2+ 66. Kg1 Qd1+ 67. Kf2 Qd2+ 68. Kf1 Qd3+ 69. Kf2 Kc5 70. Qa7+ Kxd5 71. Qxe7
Qc2+ 72. Kf3 Qc3+ 73. Kf2 Qc5+ 74. Kf3 Kc4 75. Ke2 Kc3 76. Qg7+ Kc2 77. Qf7
Qb5+ 78. Kf2 Kd3 79. Qxh5 Qb2+ 80. Kg1 Qb1+ 81. Kg2 Qc2+ 82. Kh3 Ke3 83. Qe8+
Kf2 84. Qa8 Qd1 85. Qa2+ Ke3 86. Qa3+ Kf2 87. Qb2+ Ke3 88. Qc3+ Kf2 89. Qb2+
Ke3 90. Qa3+ Kf2 91. Qa2+ Ke3 92. Qa3+ 1/2-1/2

[Event "Mitropa Cup 29th"]
[Site "Chur"]
[Date "2010.05.29"]
[Round "1"]
[White "Roser, Kevin"]
[Black "Szabo, Krisztian"]
[Result "1/2-1/2"]
[WhiteElo "2429"]
[BlackElo "2506"]
[PlyCount "160"]
[EventDate "2010.05.29"]
[EventType "team-tourn"]
[EventRounds "9"]
[EventCountry "SUI"]
[Source "ChessBase"]
[SourceDate "2010.07.02"]
[WhiteTeam "France"]
[BlackTeam "Hungary"]
[WhiteTeamCountry "FRA"]
[BlackTeamCountry "HUN"]

1. e4 e5 2. Nf3 Nc6 3. Bb5 a6 4. Ba4 Nf6 5. O-O Nxe4 6. d4 b5 7. Bb3 d5 8. dxe5
Be6 9. Nbd2 Be7 10. c3 O-O 11. Bc2 f5 12. exf6 Nxf6 13. Nb3 Bg4 14. Qd3 Ne4 15.
Nbd2 Bf5 16. Bb3 Kh8 17. Qxd5 Qe8 18. Ne5 Nxe5 19. Nxe4 Ng4 20. h3 Rd8 21. Qb7
Bxe4 22. Qxe4 Nxf2 23. Qe3 Nxh3+ 24. Qxh3 Bc5+ 25. Be3 Bxe3+ 26. Kh1 Bf2 27.
Bc2 g6 28. Qh6 Qe3 29. Qxe3 Bxe3 30. Rxf8+ Rxf8 31. Re1 Bc5 32. Bd3 Kg7 33. Kh2
Rd8 34. Rd1 Re8 35. Rf1 Bd6+ 36. Kg1 h5 37. Kf2 g5 38. b4 g4 39. Rc1 Kf6 40. c4
bxc4 41. Rxc4 Kg5 42. a3 Rf8+ 43. Ke3 Kh4 44. Rc2 Ra8 45. Be4 Re8 46. Kd4 Re5
47. a4 Re7 48. Bd3 Bxb4 49. Bxa6 Kg3 50. Kc4 Ba5 51. Bb7 h4 52. Kb5 Bb6 53. Rd2
Re1 54. Bc8 Re5+ 55. Kc4 Rc5+ 56. Kb4 Rg5 57. Rc2 Ba5+ 58. Kb3 Rg8 59. Bd7 Rd8
60. Bf5 Rb8+ 61. Ka2 Rb4 62. Bd7 Rd4 63. Bc6 Bb6 64. Kb3 h3 65. gxh3 gxh3 66.
Rc3+ Kh2 67. Rc2+ Kg1 68. Rc1+ Kf2 69. Rc2+ Kg3 70. Rc3+ Kg4 71. Rc4 h2 72.
Rxd4+ Bxd4 73. Kc4 Be3 74. Bh1 Ba7 75. Bc6 Kg3 76. Kb5 Kf2 77. Ka6 Bd4 78. a5
Bc3 79. Kb5 Bd4 80. Bd5 Kg1 1/2-1/2

[Event "Mitropa Cup 29th"]
[Site "Chur"]
[Date "2010.05.29"]
[Round "1"]
[White "Gallagher, Joseph G"]
[Black "Meszaros, Michal"]
[Result "1/2-1/2"]
[WhiteElo "2493"]
[BlackElo "2393"]
[PlyCount "69"]
[EventDate "2010.05.29"]
[EventType "team-tourn"]
[EventRounds "9"]
[EventCountry "SUI"]
[Source "ChessBase"]
[SourceDate "2010.07.02"]
[WhiteTeam "Switzerland"]
[BlackTeam "Slovakia"]
[WhiteTeamCountry "SUI"]
[BlackTeamCountry "SVK"]

1. e4 e5 2. Nf3 Nc6 3. Nc3 Nf6 4. Bb5 Bb4 5. O-O O-O 6. d3 d6 7. Bg5 Bxc3 8.
bxc3 h6 9. Bh4 Bd7 10. Rb1 a6 11. Ba4 Rb8 12. Qc1 Ne7 13. Bxd7 Nxd7 14. d4 Qe8
15. Bg3 Ng6 16. Qe3 Qe6 17. Rb3 Rfe8 18. Re1 Nf6 19. Qd3 Nh5 20. Nd2 Nhf4 21.
Qf3 Qf6 22. Kh1 b6 23. Nf1 Nh4 24. Bxh4 Qxh4 25. g3 Qh5 26. Qxh5 Nxh5 27. f3
Nf6 28. Ne3 d5 29. Nxd5 Nxd5 30. exd5 exd4 31. Rxe8+ Rxe8 32. cxd4 Re1+ 33. Kg2
Re2+ 34. Kh3 Rxc2 35. d6 1/2-1/2

[Event "Mitropa Cup 29th"]
[Site "Chur"]
[Date "2010.05.29"]
[Round "1"]
[White "Jurcik, Marian"]
[Black "Jenni, Florian"]
[Result "0-1"]
[WhiteElo "2487"]
[BlackElo "2520"]
[PlyCount "74"]
[EventDate "2010.05.29"]
[EventType "team-tourn"]
[EventRounds "9"]
[EventCountry "SUI"]
[Source "ChessBase"]
[SourceDate "2010.07.02"]
[WhiteTeam "Slovakia"]
[BlackTeam "Switzerland"]
[WhiteTeamCountry "SVK"]
[BlackTeamCountry "SUI"]

1. e4 e5 2. Nf3 Nc6 3. Bb5 a6 4. Ba4 Nf6 5. O-O Be7 6. d3 d6 7. c3 O-O 8. Re1
b5 9. Bb3 Na5 10. Bc2 c5 11. Nbd2 Nc6 12. Nf1 Re8 13. Ne3 Bf8 14. Bb3 Na5 15.
Bd5 Nxd5 16. Nxd5 Nc6 17. a4 Rb8 18. axb5 axb5 19. h3 h6 20. d4 exd4 21. cxd4
f5 22. exf5 Bxf5 23. Rxe8 Qxe8 24. Bf4 Be4 25. Nc3 Bxf3 26. Qxf3 Nxd4 27. Qd5+
Qe6 28. Qxe6+ Nxe6 29. Bg3 b4 30. Nd5 c4 31. Ra4 Rb5 32. Nxb4 Nc5 33. Ra8 Ne4
34. Ra4 d5 35. Nxd5 Rxd5 36. Rxc4 Rd1+ 37. Kh2 Nd2 0-1

[Event "Mitropa Cup 29th"]
[Site "Chur"]
[Date "2010.05.29"]
[Round "1"]
[White "Pacher, Milan"]
[Black "Buss, Ralph"]
[Result "1/2-1/2"]
[WhiteElo "2396"]
[BlackElo "2430"]
[PlyCount "105"]
[EventDate "2010.05.29"]
[EventType "team-tourn"]
[EventRounds "9"]
[EventCountry "SUI"]
[Source "ChessBase"]
[SourceDate "2010.07.02"]
[WhiteTeam "Slovakia"]
[BlackTeam "Switzerland"]
[WhiteTeamCountry "SVK"]
[BlackTeamCountry "SUI"]

1. e4 c5 2. Nf3 d6 3. d4 cxd4 4. Nxd4 Nf6 5. Nc3 a6 6. Be2 e5 7. Nb3 Be7 8. Bg5
Be6 9. Bxf6 Bxf6 10. Qd3 Be7 11. O-O-O Nd7 12. Kb1 Qc7 13. g3 b5 14. f4 Nb6 15.
fxe5 dxe5 16. Nd5 Bxd5 17. exd5 Rd8 18. Qe4 O-O 19. g4 Rd7 20. Rd3 Rfd8 21.
Rhd1 Na4 22. Rh3 g6 23. c4 bxc4 24. Bxc4 Nc5 25. Nxc5 Bxc5 26. g5 Bd4 27. Bb3
a5 28. Qh4 h5 29. gxh6 Kh7 30. Rxd4 exd4 31. Qxd4 Rg8 32. a3 Qd6 33. Ka2 Re7
34. Rc3 Qe5 35. Qc5 Ra8 36. Qc6 Rd8 37. Qb6 Rxd5 38. Bxd5 Qxd5+ 39. Qb3 Qxb3+
40. Kxb3 Kxh6 41. Ka4 Re5 42. b4 axb4 43. axb4 f5 44. b5 f4 45. b6 Re8 46. Kb5
Kh5 47. b7 Rb8 48. Kb6 Kg4 49. h3+ Kh4 50. Kc7 Rf8 51. b8=Q Rxb8 52. Kxb8 g5
53. Kc7 1/2-1/2

[Event "Mitropa Cup 29th"]
[Site "Chur"]
[Date "2010.05.29"]
[Round "1"]
[White "Petenyi, Tamas"]
[Black "Wyss, Jonas"]
[Result "1/2-1/2"]
[WhiteElo "2381"]
[BlackElo "2253"]
[PlyCount "81"]
[EventDate "2010.05.29"]
[EventType "team-tourn"]
[EventRounds "9"]
[EventCountry "SUI"]
[Source "ChessBase"]
[SourceDate "2010.07.02"]
[WhiteTeam "Slovakia"]
[BlackTeam "Switzerland"]
[WhiteTeamCountry "SVK"]
[BlackTeamCountry "SUI"]

1. d4 d5 2. c4 c6 3. Nf3 Nf6 4. e3 Bg4 5. Qb3 Qc7 6. Bd2 e6 7. Nh4 Be7 8. h3
Bh5 9. g4 Ne4 10. Ng2 Bg6 11. Nf4 Bh4 12. Rh2 Nd7 13. Nc3 Nxd2 14. Kxd2 e5 15.
Nxg6 hxg6 16. Rg2 dxc4 17. Bxc4 O-O 18. dxe5 Rad8 19. Ke1 Nxe5 20. Be2 Nd3+ 21.
Bxd3 Rxd3 22. Kf1 Bf6 23. Rd1 Rfd8 24. Rxd3 Rxd3 25. Qc2 Qd7 26. Ke2 Rd6 27.
Rg1 Bxc3 28. Qxc3 Qe6 29. b3 Qd5 30. Qc2 Qb5+ 31. Qc4 Qe5 32. Qc2 Qh2 33. Rg3
Rf6 34. Ke1 Qh1+ 35. Ke2 Qh2 36. Ke1 Qh1+ 37. Ke2 Rd6 38. Rf3 Qa1 39. Rf4 Qh1
40. Rf3 Rd7 41. Rg3 1/2-1/2

[Event "Mitropa Cup 29th"]
[Site "Chur"]
[Date "2010.05.30"]
[Round "2"]
[White "Baumegger, Siegfried"]
[Black "Pacher, Milan"]
[Result "0-1"]
[WhiteElo "2414"]
[BlackElo "2396"]
[PlyCount "76"]
[EventDate "2010.05.29"]
[EventType "team-tourn"]
[EventRounds "9"]
[EventCountry "SUI"]
[Source "ChessBase"]
[SourceDate "2010.07.02"]
[WhiteTeam "Austria"]
[BlackTeam "Slovakia"]
[WhiteTeamCountry "AUT"]
[BlackTeamCountry "SVK"]

1. d4 d5 2. c4 c6 3. e3 Nf6 4. Nc3 g6 5. Nf3 Bg7 6. cxd5 Nxd5 7. Bc4 O-O 8. O-O
Nb6 9. Bb3 N8d7 10. e4 e5 11. Bg5 Bf6 12. Bh6 Re8 13. Bxf7+ Kxf7 14. Qb3+ Re6
15. d5 cxd5 16. exd5 Rd6 17. Ne4 Nf8 18. Nfg5+ Kg8 19. f4 Bf5 20. g4 Bxe4 21.
Nxe4 Bg7 22. Bxg7 Kxg7 23. fxe5 Rxd5 24. Nd6 Qg5 25. Rf7+ Kg8 26. Qf3 Qxe5 27.
Ne4 Nbd7 28. Rf1 Rd4 29. Nf6+ Nxf6 30. Rxf6 Nd7 31. Rf7 Rd2 32. Qh3 Nf8 33. Qh6
Rdd8 34. Qh3 Qxb2 35. Qf3 Qd4+ 36. Kg2 Ne6 37. Rf6 Ng5 38. Qb3+ Qd5+ 0-1

[Event "Mitropa Cup 29th"]
[Site "Chur"]
[Date "2010.05.30"]
[Round "2"]
[White "Petenyi, Tamas"]
[Black "Platzgummer, Fabian"]
[Result "1/2-1/2"]
[WhiteElo "2381"]
[BlackElo "2340"]
[PlyCount "86"]
[EventDate "2010.05.29"]
[EventType "team-tourn"]
[EventRounds "9"]
[EventCountry "SUI"]
[Source "ChessBase"]
[SourceDate "2010.07.02"]
[WhiteTeam "Slovakia"]
[BlackTeam "Austria"]
[WhiteTeamCountry "SVK"]
[BlackTeamCountry "AUT"]

1. e4 e5 2. Nf3 Nc6 3. Bb5 a6 4. Ba4 Nf6 5. O-O Be7 6. Re1 b5 7. Bb3 d6 8. c3
O-O 9. h3 Na5 10. Bc2 c5 11. d4 Qc7 12. Nbd2 Rd8 13. Nf1 cxd4 14. cxd4 exd4 15.
Bf4 Nc6 16. Rc1 Qb6 17. Ng3 Be6 18. Ng5 Rac8 19. Nxe6 fxe6 20. Bb3 Kf7 21. e5
dxe5 22. Bxe5 Nxe5 23. Rxc8 Rxc8 24. Rxe5 Rc6 25. Nf5 Bc5 26. Qd3 a5 27. a3 a4
28. Ba2 b4 29. axb4 Qxb4 30. Re2 g6 31. Ng3 Qb6 32. Qf3 Kg7 33. Ne4 Nxe4 34.
Qxe4 d3 35. Qe5+ Kf7 36. Qf4+ Kg7 37. Qe5+ Kf7 38. Qf4+ Ke8 39. Rd2 Rd6 40.
Qxa4+ Kd8 41. Qh4+ Kc8 42. Bb1 Qa5 43. b4 Qxb4 1/2-1/2

[Event "Mitropa Cup 29th"]
[Site "Chur"]
[Date "2010.05.30"]
[Round "2"]
[White "Ragger, Markus"]
[Black "Jurcik, Marian"]
[Result "1/2-1/2"]
[WhiteElo "2614"]
[BlackElo "2487"]
[PlyCount "109"]
[EventDate "2010.05.29"]
[EventType "team-tourn"]
[EventRounds "9"]
[EventCountry "SUI"]
[Source "ChessBase"]
[SourceDate "2010.07.02"]
[WhiteTeam "Austria"]
[BlackTeam "Slovakia"]
[WhiteTeamCountry "AUT"]
[BlackTeamCountry "SVK"]

1. d4 d5 2. Nf3 Nf6 3. c4 dxc4 4. e3 Bg4 5. Bxc4 e6 6. h3 Bh5 7. Nc3 a6 8. g4
Bg6 9. Ne5 Nbd7 10. Nxg6 hxg6 11. Bf1 c6 12. Bg2 Be7 13. Bd2 Qb6 14. O-O O-O
15. b4 e5 16. g5 Ne8 17. d5 c5 18. Na4 Qd8 19. bxc5 Nxc5 20. Bc3 Nxa4 21. Qxa4
Bd6 22. h4 Nc7 23. Bb2 Rc8 24. Bh3 Rb8 25. Qe4 Re8 26. Rac1 a5 27. Rc2 Na6 28.
Rfc1 Qe7 29. Qa4 Nc5 30. Qxa5 Nd3 31. Rb1 Nxb2 32. Rbxb2 e4 33. Qc3 Be5 34. Qb4
Bd6 35. Qd4 Be5 36. Qb4 Bd6 37. Qd4 Be5 38. Qd2 Bd6 39. Qc3 Be5 40. Qd2 Bd6 41.
Bg2 Qe5 42. Rc4 b5 43. Rxe4 Qh2+ 44. Kf1 Rxe4 45. Bxe4 Qxh4 46. f4 Re8 47. Bg2
Bc5 48. Rb3 Qg3 49. Qf2 Qg4 50. Bf3 Qh3+ 51. Kg1 b4 52. Rd3 Qf5 53. Rb3 Qh3 54.
Rd3 Qf5 55. Rb3 1/2-1/2